000 00402nam a22001337a 4500
999 _c1532
_d1532
008 200127b ||||| |||| 00| 0 eng d
082 0 0 _a512
_bA234
100 _91166
_aAdhikari, S. D.
245 1 0 _aCurrent trends in mathematics and physics: a tribute to Harish Chandra /
_cby S. D. Adhikari
260 _aNew delhi:
_bNarosa Publishing,
_c1995.
300 _a220 p.
650 0 _aMathematics
942 _cBK